Tréning mladých chodcov

Bibliographic Details
Main Author: Hazucha, Miroslav, 1944- (Author)
Format: Article
Language:Slovak
PhysicalDescription:Obr.
Subjects:

MARC

LEADER 00000nab a2200000 a 4500
001 vtls009965642
003 SK-MaSNL
005 20260305035327.0
008 091102c1972 xo dr|n|||||||000 b|slo
015 |a SNBRB1972  |2 snkbucl 
038 |a SNKBUCL 
040 |a SNKBUCL  |b slo  |c SNKBUCL  |e AACR2 
041 0 |a slo 
044 |a xo  |c SK 
080 |a 796.42.015  |2 1997 
100 1 |a Hazucha, Miroslav,  |d 1944-  |4 aut  |9 92278 
245 1 0 |a Tréning mladých chodcov  |c Miroslav Hazucha 
300 |a Obr. 
650 0 7 |a atletika  |2 snkbucl  |9 3279 
650 0 7 |a športový tréning  |2 snkbucl  |9 163263 
773 0 |t Atletika  |g Roč. 24, č. 8 (1972), s. 10-11 
852 |a SNK  |b KIS3GCP 
999 |c 3333342  |d 3335272